Los orígenes de la ciencia política en España

Guardat en:
Dades bibliogràfiques
Autor principal: Beneyto, Juan (Autor)
Format: Llibre
Idioma:espanyol
Publicat: Madrid, España Instituto de Ciencia Política 1949
Matèries:
Etiquetes: Afegir etiqueta
Sense etiquetes, Sigues el primer a etiquetar aquest registre!

MARC

LEADER 00000nam a2200000 a 4500
001 UCO0920
003 CL-VaPUC
005 20211124074208.0
008 000428e19490000SP |||||||||||||||||spa|d
999 |c 287557  |d 287555 
040 |c Pontificia Universidad Católica de Valparaíso 
082 0 4 |a 320.946 BEN 1949  |2 21 
100 0 |a Beneyto, Juan  |e author  |9 442551 
245 1 4 |a Los orígenes de la ciencia política en España 
260 |a Madrid, España  |b Instituto de Ciencia Política  |c 1949 
300 |a 414 páginas 
583 |a last modification  |c 20000428 00:00:00  |k Rodrigo Vera 
650 0 |a Ciencia política  |z ESPAÑA  |9 324218 
650 0 |a Historia de España  |9 315435 
852 |a BIBCUR 
942 |c BK  |2 ddc 
945 |d 20000428 00:00:00  |a rherrera 
952 |0 0  |1 0  |2 ddc  |4 0  |6 320_946000000000000_BEN_1949  |7 0  |8 X  |9 334464  |a BIBHIS  |b BIBHIS  |d 2019-11-20  |i 1268058  |o 320.946 BEN 1949  |p 1268058  |r 2024-01-30  |t 1  |w 2019-11-20  |y BK_X  |k HIS